[Event "Rated Blitz game"]
[Site "?"]
[Date "2021.07.31"]
[Round "?"]
[White "Frepo"]
[Black "ahoramahora"]
[Result "1-0"]
[WhiteElo "2419"]
[BlackElo "2391"]
[PlyCount "35"]
[EventDate "2021.??.??"]
[EventType "blitz"]

1. e4 e5 2. Nf3 d5 3. Nxe5 Bd6 4. d4 dxe4 5. Bf4 Bxe5 6. Bxe5 Nf6 7. Be2 Nc6 8.
O-O O-O 9. c3 Bf5 10. Bg3 Qd7 11. Nd2 Rad8 12. Nc4 Rfe8 13. Ne3 Bg6 14. Qb3 b6
15. Bb5 Nh5 16. d5 Na5 17. Qa4 c6 18. dxc6 {Normal} 1-0

[Event "Rated Blitz game"]
[Site "?"]
[Date "2021.07.31"]
[Round "?"]
[White "SIK1N"]
[Black "KamranShirazi"]
[Result "0-1"]
[WhiteElo "2528"]
[BlackElo "2524"]
[PlyCount "36"]
[EventDate "2021.??.??"]
[EventType "blitz"]

1. e4 e5 2. Nf3 d5 3. exd5 e4 4. Qe2 Nf6 5. d3 Bb4+ 6. c3 O-O 7. cxb4 exf3 8.
Qxf3 Re8+ 9. Be2 Bg4 10. Qe3 Bxe2 11. Kxe2 Nxd5 12. Qxe8+ Qxe8+ 13. Be3 Nc6 14.
Nc3 Ncxb4 15. Nxd5 Nxd5 16. g3 Nxe3 17. fxe3 Qb5 18. b3 Re8 {Normal} 0-1

[Event "Rated Blitz tournament JvjT1Ic4"]
[Site "?"]
[Date "2021.07.31"]
[Round "?"]
[White "drAinUbrAin"]
[Black "batasjon"]
[Result "0-1"]
[WhiteElo "2318"]
[BlackElo "2443"]
[PlyCount "120"]
[EventDate "2021.??.??"]
[EventType "blitz"]

1. e4 e5 2. Nf3 d5 3. Nxe5 Bd6 4. Nf3 dxe4 5. Qe2 Qe7 6. Nd4 Nf6 7. Nc3 O-O 8.
d3 Bb4 9. Bd2 exd3 10. Qxe7 Bxe7 11. Bxd3 Rd8 12. Nf3 Nc6 13. O-O Nb4 14. Ne1
Nxd3 15. Nxd3 Bf5 16. Bf4 c6 17. Rad1 Nd5 18. Nxd5 Rxd5 19. b3 Rad8 20. Rfe1
Bf8 21. Be3 b6 22. Kf1 Bxd3+ 23. cxd3 Rxd3 24. Rxd3 Rxd3 25. Ke2 Rd8 26. Rc1
Rc8 27. Rc4 Be7 28. a4 Kf8 29. h3 g6 30. Re4 f5 31. Rc4 Kf7 32. g4 Ke6 33.
gxf5+ Kxf5 34. a5 Bd8 35. a6 c5 36. Rf4+ Ke6 37. Re4+ Kd7 38. Rf4 Rc7 39. Rf8
Bh4 40. Rh8 Kc6 41. Kd3 Kb5 42. Ke4 Kxa6 43. Kd5 Kb5 44. Kd6 Rb7 45. f3 a5 46.
Bd2 Bg3+ 47. Ke6 h5 48. Bc3 h4 49. Bd2 Rg7 50. Kf6 Rd7 51. Bc3 Rd6+ 52. Ke7 Rc6
53. Rd8 c4 54. bxc4+ Kxc4 55. Bf6 a4 56. Rd4+ Kb3 57. Re4 a3 58. Re3+ Ka4 59.
Re4+ Ka5 60. Re3 a2 {Time forfeit} 0-1

[Event "Rated Blitz game"]
[Site "?"]
[Date "2021.07.31"]
[Round "?"]
[White "JoeFr"]
[Black "lavilaine"]
[Result "1-0"]
[WhiteElo "2540"]
[BlackElo "2409"]
[PlyCount "46"]
[EventDate "2021.??.??"]
[EventType "blitz"]

1. e4 e5 2. Nf3 d5 3. exd5 e4 4. Qe2 f5 5. d3 Nf6 6. dxe4 fxe4 7. Nc3 Bb4 8.
Bd2 Bxc3 9. Bxc3 Qxd5 10. Nd4 O-O 11. Qc4 c6 12. O-O-O Nbd7 13. Nxc6 Qxc4 14.
Bxc4+ Kh8 15. Ne7 Nb6 16. Nxc8 Nxc4 17. Nd6 Nxd6 18. Rxd6 Ng4 19. Rd7 Rg8 20.
Rf7 Raf8 21. Bxg7+ Rxg7 22. Rxf8+ Rg8 23. Rxg8+ Kxg8 {Normal} 1-0

[Event "Rated Blitz game"]
[Site "?"]
[Date "2021.07.31"]
[Round "?"]
[White "Hamdanii"]
[Black "blastol"]
[Result "1-0"]
[WhiteElo "2322"]
[BlackElo "2435"]
[PlyCount "57"]
[EventDate "2021.??.??"]
[EventType "blitz"]

1. e4 e5 2. Nf3 d5 3. d4 dxe4 4. Nxe5 Bd6 5. Bc4 Bxe5 6. Qh5 Qe7 7. dxe5 Nc6 8.
Bf4 Be6 9. Bxe6 Qxe6 10. Nc3 O-O-O 11. O-O f5 12. exf6 Nxf6 13. Qb5 a6 14. Qa4
Rd4 15. Qb3 Qg4 16. Be3 Rb4 17. Qa3 h5 18. h3 Qf5 19. Rad1 g5 20. Ne2 h4 21.
Nd4 Nxd4 22. Rxd4 Rb5 23. f3 Qe5 24. c4 Rb6 25. Qc3 Qg3 26. Rd2 Re8 27. Bxb6
cxb6 28. Qxf6 e3 29. Re2 {Normal} 1-0

[Event "Rated Blitz game"]
[Site "?"]
[Date "2021.07.31"]
[Round "?"]
[White "vasiljev_alex2020"]
[Black "SOCIA-ARIES"]
[Result "0-1"]
[WhiteElo "2462"]
[BlackElo "2492"]
[PlyCount "42"]
[EventDate "2021.??.??"]
[EventType "blitz"]

1. e4 e5 2. Nf3 d5 3. Nxe5 dxe4 4. d4 exd3 5. Bxd3 Nf6 6. O-O Bd6 7. Nc4 Be7 8.
Nc3 O-O 9. Bf4 Nc6 10. Ne3 Bd6 11. Bxd6 Qxd6 12. Ne4 Qe5 13. Nc4 Qf4 14. g3 Qh6
15. Nxf6+ Qxf6 16. c3 Re8 17. Qc2 Bh3 18. Rfe1 g6 19. Be4 Qe6 20. Nd2 Rad8 21.
Nf3 h6 {Normal} 0-1

[Event "Rated Blitz game"]
[Site "?"]
[Date "2021.07.31"]
[Round "?"]
[White "CildirtmayinLanBeni"]
[Black "KinzyabulatovRenat"]
[Result "1-0"]
[WhiteElo "2492"]
[BlackElo "2414"]
[PlyCount "109"]
[EventDate "2021.??.??"]
[EventType "blitz"]

1. e4 e5 2. Nf3 d5 3. Nxe5 Bd6 4. d4 dxe4 5. Nc4 Be7 6. Nc3 Nf6 7. Bg5 O-O 8.
Qd2 Nc6 9. d5 Nxd5 10. Qxd5 Bxg5 11. Rd1 Be6 12. Qc5 Be7 13. Rxd8 Bxc5 14. Rxa8
Rxa8 15. Nxe4 Be7 16. c3 a5 17. a4 f5 18. Ned2 Bd5 19. Bd3 g6 20. O-O Rd8 21.
Be2 Bg5 22. f4 Bh6 23. g3 Bf8 24. Bf3 Bc5+ 25. Kg2 Bxf3+ 26. Nxf3 Rd3 27. Re1
Kf8 28. Re2 Rd1 29. Ng5 Nd8 30. Nxh7+ Kg7 31. Ng5 Rg1+ 32. Kh3 Ra1 33. Rd2 Be7
34. Rxd8 Bxd8 35. Ne6+ Kh6 36. Nxd8 b6 37. Ne6 Rxa4 38. Ne5 c5 39. Nd7 Ra2 40.
b3 Rb2 41. Nxb6 Rxb3 42. Nc4 a4 43. Nd6 Rxc3 44. Nb5 Rb3 45. Nxc5 Rxb5 46. Nxa4
Rb3 47. Nc5 g5 48. Nxb3 Kh5 49. Kg2 g4 50. Nd4 Kg6 51. Ne6 Kf6 52. Ng5 Kg6 53.
h4 Kf6 54. Nh7+ Kg6 55. Ng5 {Time forfeit} 1-0

[Event "Rated Blitz game"]
[Site "?"]
[Date "2021.07.31"]
[Round "?"]
[White "SrdeIncognito"]
[Black "ahoramahora"]
[Result "1-0"]
[WhiteElo "2424"]
[BlackElo "2382"]
[PlyCount "55"]
[EventDate "2021.??.??"]
[EventType "blitz"]

1. e4 e5 2. Nf3 d5 3. exd5 e4 4. Qe2 Nf6 5. d3 Qxd5 6. Nbd2 Be6 7. dxe4 Qa5 8.
Qb5+ Qxb5 9. Bxb5+ c6 10. Be2 Nbd7 11. Ng5 O-O-O 12. Nxe6 fxe6 13. O-O e5 14.
c3 Bc5 15. Nb3 Bb6 16. a4 Nxe4 17. a5 Bc7 18. a6 b6 19. Bf3 Ndf6 20. Re1 Rhe8
21. h3 Nd6 22. Bxc6 Re7 23. Nd4 Nc4 24. Bb7+ Kd7 25. Nc6 e4 26. Nxe7 Kxe7 27.
Bxe4 Nxe4 28. Bg5+ {Normal} 1-0

[Event "Rated Blitz game"]
[Site "?"]
[Date "2021.07.31"]
[Round "?"]
[White "ehlabas"]
[Black "JH0NYuTANGCo"]
[Result "1/2-1/2"]
[WhiteElo "2406"]
[BlackElo "2391"]
[PlyCount "94"]
[EventDate "2021.??.??"]
[EventType "blitz"]

1. e4 e5 2. Nf3 d5 3. d3 dxe4 4. dxe4 Qxd1+ 5. Kxd1 Nc6 6. c3 Bg4 7. Kc2 O-O-O
8. Bc4 Bh5 9. Be3 Nf6 10. Nbd2 Bd6 11. b4 a6 12. a4 Ne7 13. Rhe1 Bg6 14. Bg5 h6
15. Bxf6 gxf6 16. a5 f5 17. Kb2 fxe4 18. Nxe4 f5 19. Nf6 Rhf8 20. Nd5 Nxd5 21.
Bxd5 e4 22. Nd4 c5 23. Ne6 cxb4 24. Nxf8 Bxf8 25. Be6+ Kb8 26. c4 Bg7+ 27. Kb3
Bxa1 28. Rxa1 Rd2 29. Rf1 Kc7 30. Kxb4 Kd6 31. Bd5 Kc7 32. h3 f4 33. g3 f3 34.
Re1 Re2 35. Rf1 Rb2+ 36. Kc3 Re2 37. c5 Be8 38. Kd4 Bb5 39. Rd1 Rxf2 40. Kxe4
Rh2 41. c6 bxc6 42. Be6 Be2 43. Rd7+ Kb8 44. Rd8+ Kc7 45. Rd7+ Kb8 46. Rd8+ Kc7
47. Rd7+ Kb8 {Normal} 1/2-1/2

[Event "Rated Rapid game"]
[Site "?"]
[Date "2021.07.31"]
[Round "?"]
[White "Oportunist"]
[Black "Wilhelm-Steiniz"]
[Result "0-1"]
[WhiteElo "2246"]
[BlackElo "2420"]
[PlyCount "72"]
[EventDate "2021.??.??"]
[EventType "rapid"]

1. e4 e5 2. Nf3 d5 3. exd5 e4 4. Ne5 Qxd5 5. d4 exd3 6. Nxd3 Nf6 7. Nc3 Qf5 8.
Be2 Bd6 9. O-O O-O 10. Bf3 Nc6 11. Re1 Nd4 12. Be4 Qg4 13. Qxg4 Nxg4 14. h3 Nf6
15. Nf4 Nxe4 16. Nxe4 Nxc2 17. Nxd6 cxd6 18. Bd2 Nxa1 19. Rxa1 Bf5 20. Bb4 Rad8
21. Rd1 Rfe8 22. Bxd6 f6 23. Rd2 Kf7 24. g4 Re1+ 25. Kg2 Be4+ 26. f3 Bc6 27.
Kf2 Ra1 28. a3 g5 29. Nh5 a5 30. f4 Rh1 31. Kg3 Rg1+ 32. Kh2 Rxd6 33. Rxd6 Rg2+
34. Kh1 Rd2+ 35. Rxc6 bxc6 36. fxg5 fxg5 {Normal} 0-1

[Event "Rated Blitz game"]
[Site "?"]
[Date "2021.07.31"]
[Round "?"]
[White "chaguito89"]
[Black "ahoramahora"]
[Result "1-0"]
[WhiteElo "2456"]
[BlackElo "2418"]
[PlyCount "129"]
[EventDate "2021.??.??"]
[EventType "blitz"]

1. e4 e5 2. Nf3 d5 3. Nxe5 Bd6 4. d4 dxe4 5. Nc4 Nf6 6. Nc3 h6 7. Nxd6+ Qxd6 8.
Be2 O-O 9. O-O a6 10. f3 Rd8 11. Be3 Nc6 12. Nxe4 Nxe4 13. fxe4 Nxd4 14. Bxd4
Qxd4+ 15. Qxd4 Rxd4 16. Rad1 Rxd1 17. Rxd1 Be6 18. b3 f6 19. Kf2 Kf7 20. Ke3
Re8 21. Kf4 Ke7 22. Bh5 g5+ 23. Ke3 Rd8 24. Rxd8 Kxd8 25. Kd4 Ke7 26. c4 b6 27.
b4 Kd6 28. c5+ bxc5+ 29. bxc5+ Ke7 30. Be2 a5 31. a3 Bb3 32. Bc4 Ba4 33. Kd5
Bd7 34. c6 Be6+ 35. Kc5 Bg4 36. Kb5 Kd6 37. Bd5 f5 38. Kxa5 f4 39. Kb4 Be2 40.
Kc3 Ke5 41. Kd2 Ba6 42. Ke1 g4 43. Kf2 h5 44. h3 Bc8 45. hxg4 hxg4 46. a4 Ba6
47. a5 Bd3 48. Ke1 Ba6 49. Kf2 Kd4 50. Be6 g3+ 51. Kf3 Ke5 52. Bb3 Bd3 53. Bd1
Bxe4+ 54. Kg4 Bxc6 55. Bf3 Bb5 56. Bb7 c5 57. a6 Bxa6 58. Bxa6 Ke4 59. Be2 Ke3
60. Bf3 c4 61. Bd1 c3 62. Bb3 f3 63. gxf3 g2 64. f4 g1=Q+ 65. Kf5 {Time forfeit
} 1-0

[Event "Rated Blitz tournament JvjT1Ic4"]
[Site "?"]
[Date "2021.07.31"]
[Round "?"]
[White "King_Kashyapa"]
[Black "batasjon"]
[Result "0-1"]
[WhiteElo "2339"]
[BlackElo "2442"]
[PlyCount "45"]
[EventDate "2021.??.??"]
[EventType "blitz"]

1. e4 e5 2. Nf3 d5 3. exd5 e4 4. Qe2 Nf6 5. Nc3 Be7 6. Nxe4 O-O 7. Nxf6+ Bxf6
8. d4 Qxd5 9. Be3 Bg4 10. Qd2 Bxf3 11. gxf3 c5 12. dxc5 Qxf3 13. Rg1 Bxb2 14.
Rb1 Bf6 15. Be2 Qh3 16. Bd4 Qe6 17. Qc3 Bxd4 18. Qxd4 g6 19. Rg3 Nc6 20. Qd6
Qe4 21. Rc1 Nd4 22. Re3 Nxc2+ 23. Kf1 {Normal} 0-1

[Event "Rated Blitz tournament JvjT1Ic4"]
[Site "?"]
[Date "2021.07.31"]
[Round "?"]
[White "DarianLopezRodriguez"]
[Black "batasjon"]
[Result "0-1"]
[WhiteElo "2343"]
[BlackElo "2436"]
[PlyCount "48"]
[EventDate "2021.??.??"]
[EventType "blitz"]

1. e4 e5 2. Nf3 d5 3. Nxe5 Bd6 4. d4 dxe4 5. Bc4 Bxe5 6. dxe5 Qxd1+ 7. Kxd1 Nc6
8. Bd5 Bg4+ 9. Ke1 O-O-O 10. Nc3 Nxe5 11. Bxe4 Nf6 12. f3 Nxe4 13. Nxe4 Nxf3+
14. gxf3 Bxf3 15. Rf1 Bxe4 16. Rxf7 Rhe8 17. Kf2 Rd1 18. b3 Rh1 19. Bb2 Rxh2+
20. Kg3 Rxc2 21. Bxg7 Rg2+ 22. Kh3 Bd5 23. Rc1 Bxf7 24. Kxg2 Rg8 {Normal} 0-1

[Event "Rated Blitz game"]
[Site "?"]
[Date "2021.07.31"]
[Round "?"]
[White "SIK1N"]
[Black "KamranShirazi"]
[Result "1-0"]
[WhiteElo "2516"]
[BlackElo "2536"]
[PlyCount "77"]
[EventDate "2021.??.??"]
[EventType "blitz"]

1. e4 e5 2. Nf3 d5 3. Nxe5 Bd6 4. d4 dxe4 5. Bc4 Bxe5 6. dxe5 Qxd1+ 7. Kxd1
Bg4+ 8. Ke1 Nc6 9. h3 Bh5 10. Nc3 Nxe5 11. Bd5 O-O-O 12. Bxe4 Nf6 13. Bf5+ Kb8
14. f4 Nc4 15. Bd3 Nd6 16. g4 Rde8+ 17. Kf2 Bxg4 18. hxg4 Nxg4+ 19. Kf3 h5 20.
Bd2 g6 21. Rae1 c6 22. Ne4 Nf5 23. Bc3 Rhf8 24. Nf6 Nxf6 25. Bxf6 Re6 26. Rxe6
fxe6 27. Re1 Rxf6 28. Ke4 Rf8 29. Ke5 Kc7 30. Rg1 Nh4 31. Rg3 Kd7 32. Bxg6 Rg8
33. f5 Ke7 34. Rb3 Nxg6+ 35. fxg6 b6 36. Rh3 Rg7 37. Rxh5 Rxg6 38. Rh7+ Kd8 39.
Rxa7 {Time forfeit} 1-0

[Event "Rated Blitz game"]
[Site "?"]
[Date "2021.07.31"]
[Round "?"]
[White "ElhachaGM"]
[Black "AsianLion"]
[Result "1-0"]
[WhiteElo "2666"]
[BlackElo "2668"]
[PlyCount "47"]
[EventDate "2021.??.??"]
[EventType "blitz"]

1. e4 e5 2. Nf3 d5 3. exd5 Bd6 4. d4 e4 5. Ne5 Nf6 6. Bb5+ c6 7. dxc6 O-O 8.
cxb7 Bxb7 9. O-O a6 10. Ba4 Qa5 11. Nc3 Bxe5 12. dxe5 Qxe5 13. Be3 Nc6 14. Bxc6
Bxc6 15. Qd4 Qe6 16. Rfd1 Rac8 17. Qd6 Qf5 18. Qf4 Qa5 19. Bd4 Nd7 20. Nxe4 f6
21. Nd6 Rb8 22. Nf5 Kh8 23. Bc3 Ne5 24. Bxa5 {Normal} 1-0

[Event "Rated Blitz game"]
[Site "?"]
[Date "2021.07.31"]
[Round "?"]
[White "VelesSars"]
[Black "Almalik25"]
[Result "0-1"]
[WhiteElo "2437"]
[BlackElo "2369"]
[PlyCount "52"]
[EventDate "2021.??.??"]
[EventType "blitz"]

1. e4 e5 2. Nf3 d5 3. exd5 e4 4. Ne5 Nf6 5. d4 Bd6 6. c4 O-O 7. Be2 Re8 8. O-O
c5 9. dxc6 Nxc6 10. Nxc6 bxc6 11. h3 Bf5 12. Nc3 Rb8 13. b3 Bc7 14. Bg4 Qd6 15.
g3 Bxg4 16. hxg4 Qe6 17. d5 Qe5 18. Bb2 Bb6 19. Kg2 Qg5 20. dxc6 Rbd8 21. Qe2
Rd2 22. Qe1 Rxb2 23. Ne2 Qxg4 24. Nf4 Qf3+ 25. Kh3 Bxf2 26. Qd1 Qxg3# {Normal}
0-1

[Event "Rated Blitz game"]
[Site "?"]
[Date "2021.07.31"]
[Round "?"]
[White "DefiantChair"]
[Black "ahoramahora"]
[Result "1-0"]
[WhiteElo "2451"]
[BlackElo "2451"]
[PlyCount "85"]
[EventDate "2021.??.??"]
[EventType "blitz"]

1. e4 e5 2. Nf3 d5 3. exd5 e4 4. Nd4 Qxd5 5. c3 Qe5 6. d3 exd3+ 7. Be3 c5 8.
Nf3 Qh5 9. Bxd3 Nc6 10. Be2 Bg4 11. h3 Rd8 12. Qa4 Bd7 13. Qe4+ Be7 14. O-O Nf6
15. Qh4 Qxh4 16. Nxh4 O-O 17. Na3 Ne4 18. Nf3 Bf6 19. Rad1 Be6 20. Bc4 Bxc4 21.
Nxc4 b5 22. Na3 b4 23. cxb4 cxb4 24. Nc4 h6 25. Nfd2 Nxd2 26. Bxd2 Nd4 27. Be3
Nc2 28. Bxa7 Ra8 29. Bc5 Rfc8 30. Nb6 Rxc5 31. Nxa8 Ra5 32. Nb6 Rxa2 33. Nc4 b3
34. Rd3 Ra4 35. Nd2 Bxb2 36. Nxb3 Ra3 37. Nc5 Ra2 38. Rfd1 Nb4 39. Rb3 Nc6 40.
g3 Bd4 41. Nd3 Ne5 42. Nxe5 Rxf2 43. Rxd4 {Normal} 1-0

[Event "Rated Blitz game"]
[Site "?"]
[Date "2021.07.31"]
[Round "?"]
[White "natanp"]
[Black "Chesspirate_Channel"]
[Result "0-1"]
[WhiteElo "2466"]
[BlackElo "2342"]
[PlyCount "70"]
[EventDate "2021.??.??"]
[EventType "blitz"]

1. e4 e5 2. Nf3 d5 3. Nc3 dxe4 4. Nxe5 f5 5. d4 Nf6 6. Bc4 Nc6 7. Nf7 Qxd4 8.
Qxd4 Nxd4 9. Nxh8 Nxc2+ 10. Kd1 Nxa1 11. Be3 Ng4 12. Kd2 Bd6 13. Nf7 Ne5 14.
Nxe5 Bxe5 15. Rxa1 f4 16. Bc5 b6 17. Bd5 Rb8 18. Ba3 Bf5 19. Re1 Rd8 20. Kc1
Bxc3 21. Rd1 Bf6 22. Bc6+ Kf7 23. Rxd8 Bxd8 24. g3 g5 25. Kd2 Be7 26. Bxe7 Kxe7
27. Kc3 Kd6 28. Bb7 Ke5 29. b4 Be6 30. a4 Bd5 31. Ba6 h5 32. Be2 h4 33. a5 hxg3
34. hxg3 e3 35. fxe3 fxg3 {Normal} 0-1

[Event "Rated Blitz game"]
[Site "?"]
[Date "2021.07.31"]
[Round "?"]
[White "Shaginyan_A"]
[Black "Juliateacher"]
[Result "1-0"]
[WhiteElo "2459"]
[BlackElo "2611"]
[PlyCount "51"]
[EventDate "2021.??.??"]
[EventType "blitz"]

1. e4 e5 2. Nf3 d5 3. Nxe5 Bd6 4. d4 dxe4 5. Nc4 Nf6 6. Nc3 Bb4 7. Be2 Bxc3+ 8.
bxc3 Nd5 9. Bd2 O-O 10. Ne3 Nxe3 11. fxe3 Qg5 12. O-O Nc6 13. c4 Bh3 14. Rf2
Nxd4 15. exd4 e3 16. Bxe3 Qxe3 17. gxh3 Rad8 18. Qd3 Qg5+ 19. Rg2 Qf6 20. c3 c5
21. Rf1 Qa6 22. d5 Qxa2 23. Qxh7+ Kxh7 24. Bd3+ Kg8 25. Rxa2 a6 26. Rb1 {Normal
} 1-0

[Event "Rated Blitz game"]
[Site "?"]
[Date "2021.07.31"]
[Round "?"]
[White "KCChiefs"]
[Black "lavilaine"]
[Result "0-1"]
[WhiteElo "2343"]
[BlackElo "2401"]
[PlyCount "49"]
[EventDate "2021.??.??"]
[EventType "blitz"]

1. e4 e5 2. Nf3 d5 3. Nxe5 Qe7 4. d4 f6 5. Ng4 dxe4 6. Bc4 Be6 7. Bxe6 Qxe6 8.
d5 Qf7 9. O-O Nd7 10. c4 f5 11. Ne3 Bd6 12. f4 Nh6 13. Nc3 O-O 14. b3 Bc5 15.
Qe2 Qf6 16. Bd2 Ng4 17. h3 Nxe3 18. Bxe3 Qxc3 19. Bxc5 Nxc5 20. g4 Qxh3 21.
gxf5 Rxf5 22. b4 Qg3+ 23. Qg2 Qxg2+ 24. Kxg2 Nd3 25. Rad1 {Normal} 0-1

[Event "Rated Rapid game"]
[Site "?"]
[Date "2021.07.31"]
[Round "?"]
[White "CravenChen"]
[Black "Juliateacher"]
[Result "1-0"]
[WhiteElo "2671"]
[BlackElo "2553"]
[PlyCount "37"]
[EventDate "2021.??.??"]
[EventType "rapid"]

1. e4 e5 2. Nf3 d5 3. Nxe5 Bd6 4. d4 dxe4 5. Qe2 Nf6 6. Nc3 O-O 7. Bg5 Nc6 8.
Nxc6 bxc6 9. Nxe4 Bb4+ 10. c3 Qxd4 11. Bxf6 gxf6 12. Rd1 Qe5 13. cxb4 Bf5 14.
Ng3 Qf4 15. Nxf5 Qxf5 16. Qf3 Rfe8+ 17. Be2 Qb5 18. Qg4+ Kh8 19. Kf1 {Normal}
1-0

[Event "Rated Blitz game"]
[Site "?"]
[Date "2021.07.31"]
[Round "?"]
[White "Luleaplayer"]
[Black "mirekkk14"]
[Result "0-1"]
[WhiteElo "2438"]
[BlackElo "2403"]
[PlyCount "64"]
[EventDate "2021.??.??"]
[EventType "blitz"]

1. e4 e5 2. Nf3 d5 3. Nxe5 Bd6 4. d4 dxe4 5. Nc4 Be7 6. Be2 Nf6 7. O-O O-O 8.
c3 Nd5 9. f3 exf3 10. Bxf3 Bg5 11. Ne5 Bxc1 12. Qxc1 Nc6 13. Nxc6 bxc6 14. Nd2
Bf5 15. Nc4 Bd3 16. Ne5 Bxf1 17. Qxf1 Qd6 18. Qc4 Rab8 19. Nxc6 Ne3 20. Qd3
Rbe8 21. b4 g6 22. b5 Nd5 23. Rf1 Re3 24. Qc4 Nxc3 25. Nxa7 Ne4 26. Bxe4 Rxe4
27. Nc6 Kg7 28. a4 f5 29. a5 Rfe8 30. a6 Re1 31. a7 Rxf1+ 32. Kxf1 Qf4+ {Normal
} 0-1

[Event "Rated Blitz game"]
[Site "?"]
[Date "2021.07.31"]
[Round "?"]
[White "axper89"]
[Black "KinzyabulatovRenat"]
[Result "1-0"]
[WhiteElo "2438"]
[BlackElo "2409"]
[PlyCount "71"]
[EventDate "2021.??.??"]
[EventType "blitz"]

1. e4 e5 2. Nf3 d5 3. d4 dxe4 4. Nxe5 Bd6 5. Bf4 Nf6 6. Nc3 O-O 7. Be2 Qe7 8.
O-O Nbd7 9. Nxd7 Bxd7 10. Qd2 Rad8 11. Rfe1 h6 12. Bf1 Bb4 13. Bxc7 Rc8 14. Be5
Nd5 15. Nxd5 Qxe5 16. Nxb4 Qa5 17. c3 f5 18. Nc2 Kh8 19. Ne3 Be6 20. d5 Rcd8
21. Rad1 f4 22. Nc4 Qxa2 23. Rxe4 Rxd5 24. Rd4 Rfd8 25. Qxf4 Rxd4 26. Rxd4 Re8
27. Nd6 Rg8 28. h3 Qxb2 29. Bd3 Qxc3 30. Qe4 g6 31. Qe5+ Kh7 32. Ne4 Qa1+ 33.
Kh2 Rg7 34. Nf6+ Kh8 35. Rd8+ Bg8 36. Qxa1 {Normal} 1-0

[Event "Rated Blitz tournament 2cVOx3DD"]
[Site "?"]
[Date "2021.07.31"]
[Round "?"]
[White "L3bron_James23"]
[Black "Jorny_Too_Pass"]
[Result "0-1"]
[WhiteElo "2573"]
[BlackElo "2270"]
[PlyCount "104"]
[EventDate "2021.??.??"]
[EventType "blitz"]

1. e4 e5 2. Nf3 d5 3. exd5 e4 4. Qe2 Nf6 5. d3 Be7 6. dxe4 O-O 7. Nc3 c6 8.
dxc6 Nxc6 9. Bg5 Bg4 10. h3 Bxf3 11. Qxf3 Qa5 12. Qf5 Qb4 13. O-O-O Rfd8 14.
Rxd8+ Rxd8 15. Bd3 a6 16. e5 Nd4 17. Qf4 Nd5 18. Nxd5 Rxd5 19. Kb1 Bxg5 20.
Qxg5 Ne6 21. Qf5 g6 22. Qf6 Qf4 23. Re1 Qb4 24. Rc1 Qf4 25. g3 Qxe5 26. Qe7 Nc5
27. Qxe5 Rxe5 28. Bc4 b5 29. f4 Re3 30. Bd5 Rxg3 31. Re1 Kf8 32. b3 b4 33. Kb2
Rxh3 34. Re5 Rc3 35. Bc4 Nd7 36. Ra5 Nb6 37. Rxa6 Nxc4+ 38. bxc4 Rxc4 39. f5
gxf5 40. Kb3 Re4 41. Rh6 Kg7 42. Rh5 Kg6 43. Rh1 h5 44. c3 bxc3 45. Kxc3 h4 46.
Kb3 Kg5 47. a4 Re8 48. Kc4 f4 49. Kd4 f3 50. a5 f2 51. a6 Kg4 52. a7 Kg3 {
Time forfeit} 0-1

[Event "Rated Blitz game"]
[Site "?"]
[Date "2021.07.31"]
[Round "?"]
[White "old_friend"]
[Black "ahoramahora"]
[Result "0-1"]
[WhiteElo "2465"]
[BlackElo "2421"]
[PlyCount "64"]
[EventDate "2021.??.??"]
[EventType "blitz"]

1. e4 e5 2. Nf3 d5 3. exd5 e4 4. Qe2 Nf6 5. d3 Qxd5 6. Nfd2 Bb4 7. c3 Be7 8.
dxe4 Qa5 9. Nc4 Qc5 10. Be3 Qc6 11. f3 O-O 12. Nbd2 Re8 13. O-O-O Bc5 14. Kb1
b5 15. Na5 Qb6 16. Bxc5 Qxc5 17. Qxb5 Qe7 18. Nab3 Ba6 19. Qc5 Qe6 20. Nd4 Qc8
21. N2b3 Nbd7 22. Qf5 Bxf1 23. Rhxf1 a5 24. g4 a4 25. Nd2 a3 26. b3 Re5 27. Qf4
Rc5 28. c4 Ne5 29. g5 Ng6 30. Qe3 Nd7 31. f4 Qe8 32. Nf5 Rxf5 {Time forfeit}
0-1

[Event "Rated Blitz game"]
[Site "?"]
[Date "2021.07.31"]
[Round "?"]
[White "D10SChess"]
[Black "szachmatcom"]
[Result "0-1"]
[WhiteElo "2403"]
[BlackElo "2454"]
[PlyCount "50"]
[EventDate "2021.??.??"]
[EventType "blitz"]

1. e4 e5 2. Nf3 d5 3. exd5 e4 4. Nd4 Qxd5 5. Nb3 Nf6 6. Nc3 Qe5 7. Be2 a5 8. a4
Bb4 9. O-O O-O 10. d4 exd3 11. Bxd3 Bg4 12. f3 Be6 13. Re1 Qh5 14. Nd4 Nc6 15.
Nxe6 fxe6 16. Rxe6 Rae8 17. Qe2 Nd4 18. Rxe8 Nxe2+ 19. Rxe2 Bd6 20. h3 Bc5+ 21.
Kh1 Qh4 22. Bd2 Nh5 23. Ne4 Bd6 24. Bg5 Ng3+ 25. Kh2 Nxe4+ {Normal} 0-1

[Event "Rated Blitz tournament JvjT1Ic4"]
[Site "?"]
[Date "2021.07.31"]
[Round "?"]
[White "Tirion166"]
[Black "Shuhratullo"]
[Result "0-1"]
[WhiteElo "2466"]
[BlackElo "2221"]
[PlyCount "54"]
[EventDate "2021.??.??"]
[EventType "blitz"]

1. e4 e5 2. Nf3 d5 3. exd5 e4 4. Qe2 Nf6 5. d3 Bb4+ 6. Bd2 O-O 7. Bxb4 exf3 8.
Qxf3 Re8+ 9. Be2 Bg4 10. Qe3 Rxe3 11. fxe3 Bxe2 12. Kxe2 Nxd5 13. Bd2 Qf6 14.
Nc3 Nxc3+ 15. Bxc3 Qg5 16. g3 Qg4+ 17. Kd2 Nc6 18. Raf1 f6 19. Rf4 Qe6 20. b3
Re8 21. e4 a5 22. a4 Nb4 23. Rhf1 c5 24. g4 Rd8 25. g5 fxg5 26. Rf7 Qxf7 27.
Rxf7 Kxf7 {Normal} 0-1

[Event "Rated Blitz game"]
[Site "?"]
[Date "2021.07.31"]
[Round "?"]
[White "miguelho67"]
[Black "ahoramahora"]
[Result "1-0"]
[WhiteElo "2574"]
[BlackElo "2441"]
[PlyCount "157"]
[EventDate "2021.??.??"]
[EventType "blitz"]

1. e4 e5 2. Nf3 d5 3. Nxe5 Bd6 4. d4 dxe4 5. Nc4 Nf6 6. Nc3 h6 7. Be2 O-O 8.
Be3 Nc6 9. Qd2 Bf5 10. a3 Qd7 11. O-O-O Rfd8 12. h3 Bh7 13. g4 a6 14. Rdg1 b5
15. Nxd6 Qxd6 16. g5 hxg5 17. Rxg5 b4 18. axb4 Nxb4 19. Rhg1 g6 20. Bf4 Qe6 21.
Be5 Na2+ 22. Kd1 Nxc3+ 23. Qxc3 Nd5 24. Qg3 e3 25. fxe3 c5 26. Bd3 cxd4 27.
exd4 Ne7 28. Rh5 Rd5 29. Rxh7 Rxe5 30. Qxe5 Qxe5 31. dxe5 Kxh7 32. c4 Nc6 33.
Re1 Re8 34. c5 Nxe5 35. Bxa6 Rd8+ 36. Kc2 Nd7 37. b4 Ra8 38. Bb5 Nf6 39. Kb3
Rb8 40. Bc4 Nd7 41. Kc3 Rc8 42. Re7 Nxc5 43. Rxf7+ Kh6 44. bxc5 Rxc5 45. Kd4
Rh5 46. Rf3 Rh4+ 47. Kd3 Kg5 48. Be6 Ra4 49. Bg4 Ra3+ 50. Ke2 Rxf3 51. Kxf3 Kh6
52. Kf4 Kg7 53. Kg5 Kh8 54. Be2 Kg8 55. Kh6 Kh8 56. Bc4 g5 57. Bd3 Kg8 58. Bf5
Kh8 59. Kg6 Kg8 60. Be6+ Kh8 61. Kh5 Kg7 62. Bf5 Kf6 63. Bg6 Kg7 64. Bf5 Kh8
65. Be4 Kg7 66. Bd3 Kh8 67. Kg4 Kg7 68. Kf5 Kh8 69. Kf6 Kg8 70. Bg6 Kh8 71. Bf5
Kg8 72. Kg6 Kh8 73. Kh6 Kg8 74. Bh7+ Kh8 75. Bg6 Kg8 76. Bh5 Kh8 77. Bf7 g4 78.
h4 g3 79. Bd5 {Time forfeit} 1-0

[Event "Rated Blitz game"]
[Site "?"]
[Date "2021.07.31"]
[Round "?"]
[White "Fidgi0910"]
[Black "ahoramahora"]
[Result "1-0"]
[WhiteElo "2479"]
[BlackElo "2396"]
[PlyCount "25"]
[EventDate "2021.??.??"]
[EventType "blitz"]

1. e4 e5 2. Nf3 d5 3. exd5 e4 4. Qe2 Nf6 5. d3 Qxd5 6. Nbd2 Be6 7. Nxe4 Nc6 8.
Nxf6+ gxf6 9. Qe4 Qh5 10. Bd2 O-O-O 11. Be2 Bc5 12. Nd4 Qxe2+ 13. Nxe2 {Normal}
1-0